Responsabilidad civil y familia

Salvato in:
Dettagli Bibliografici
Altri autori: Lepin Molina, Cristian (Direttore), Vargas Aravena, David (coordinador)
Natura: Libro
Lingua:spagnolo
Pubblicazione: Santiago Thomson Reuters 2015
Edizione:1a. ed
Serie:La Ley
Soggetti:
Tags: Aggiungi Tag
Nessun Tag, puoi essere il primo ad aggiungerne!!

MARC

LEADER 00000cam a2200000 a 4500
001 UCE8829
003 CL-VaPUC
005 20210517101729.0
008 150904e20150000cl |||||||||||||||||spa|d
999 |c 360598  |d 360596 
020 |a 9789563465969 
040 |c Pontificia Universidad Católica de Valparaíso 
082 0 4 |a 346.83015  |b LEP  |2 21 
100 1 |a Lepin Molina, Cristian   |e director  |9 860897 
245 1 0 |a Responsabilidad civil y familia 
250 |a 1a. ed 
260 |a Santiago  |b Thomson Reuters  |c 2015 
300 |a 438 p 
490 0 |a La Ley 
583 |a last modification  |c 20150904 11:50:00  |k Rodrigo Vera 
650 0 |a Derecho de familia  |9 255603 
650 0 |a Responsabilidad civil  |2 CL-VaPUC  |9 295720 
700 |a Vargas Aravena, David   |e coordinador  |9 860898 
942 |c BK  |2 ddc 
945 |d 20150904 11:50:00  |a gsalatino 
952 |0 0  |1 0  |3 erb  |4 0  |6 346_830150000000000_LEP_2015  |7 0  |8 A  |9 470467  |a BIBDER  |b BIBDER  |i 5195683  |l 1  |o 346.83015 LEP 2015  |p 5195683  |r 2024-09-12  |s 2024-09-05  |w 2019-11-23  |y BK  |z Catalogado en:20150904  |k DER